Top 5 European Leagues Top Clean Sheets: 2024/25 - Statistics

General Stats
  • This quiz has been taken 9 times
  • The average score is 14 of 32
Answer Stats
League Clean Sheets Club Nationality Player % Correct
Premier League 10 Liverpool Brazil Alisson
100%
Premier League 13 Arsenal Spain David Raya
100%
Premier League 10 Manchester City Brazil Ederson
100%
La Liga 15 Atletico Madrid Slovenia Jan Oblak
100%
Premier League 12 Everton England Jordan Pickford
100%
Bundesliga 13 Bayern Munich Germany Manuel Neuer
100%
La Liga 11 Real Madrid Belgium Thibaut Courtois
100%
Premier League 10 Chelsea Spain Robert Sanchez
89%
Premier League 13 Nottingham Forest Belgium Matz Sels
78%
Serie A 13 Milan France Mike Maignan
78%
Serie A 13 Inter Switzerland Yann Sommer
78%
Premier League 11 Crystal Palace England Dean Henderson
56%
La Liga 10 Athletico Bilbao Spain Unai Simon
56%
Bundesliga 14 Leipzig Hungary Peter Gulacsi
44%
Serie A 17 Napoli Italy Alex Meret
22%
La Liga 13 Real Sociedad Spain Alex Remiro
22%
Ligue 1 10 Toulouse France Guillaume Restes
22%
Ligue 1 11 Lille France Lucas Chevalier
22%
Ligue 1 10 Lyon Brazil Lucas Perri
22%
Ligue 1 10 Brest Netherlands Marco Bizot
22%
Serie A 14 Juventus Italy Michele Di Gregorio
22%
Bundesliga 9 Hamburg St Pauli Bosnia and Herzegovina Nikola Vasilj
22%
Ligue 1 12 Lens France Brice Samba
11%
Ligue 1 10 Strasbourg Serbia Djordje Petrovic
11%
Bundesliga 9 Augsburg Germany Finn Dahmen
11%
Bundesliga 10 Werder Bremen Germany Michael Zetterer
11%
Serie A 16 Roma Serbia Mile Svilar
11%
Bundesliga 10 Freiburg Germany Noah Atubolu
11%
Bundesliga 9 Mainz Germany Robin Zentner
11%
La Liga 10 Alaves Spain Antonio Sivera
0%
Serie A 13 Atalanta Italy Marco Carnesecchi
0%
La Liga 10 Leganes Serbia Marko Dmitrovic
0%
No matching quizzes found
Score Distribution
Percent of People with Each Score
Percentile by Number Answered
Your Score History
You have not taken this quiz